Statistics for 3-Letter Scrabble Words that start with "A"

Click here to take the quiz!

General Stats

  • This quiz has been taken 419 times
  • The average score is 35 of 76

Answer Stats

Answer % Correct
are
85%
ace
84%
ape
81%
art
80%
aim
75%
awe
74%
all
74%
ale
73%
ant
73%
and
72%
age
70%
aid
70%
ate
69%
ail
63%
ass
63%
axe
63%
air
63%
aye
62%
add
61%
act
61%
arm
61%
alt
57%
ask
56%
alp
55%
abo
54%
abs
53%
ark
53%
ado
52%
arc
52%
ane
51%
aah
51%
aba
51%
ago
51%
asp
50%
ave
49%
apt
47%
aal
47%
ain
46%
aft
46%
amp
45%
ait
44%
ars
44%
aha
44%
app
42%
aas
41%
ads
41%
ais
41%
als
40%
ash
38%
any
38%
arf
35%
aby
34%
awl
34%
ala
33%
ani
32%
apo
32%
ana
31%
alb
31%
ami
31%
aga
30%
ama
29%
ahi
27%
arb
27%
awn
26%
auk
25%
ava
25%
ags
23%
ahs
22%
att
22%
amu
21%
adz
20%
awa
20%
aff
20%
avo
19%
ays
18%
azo
18%

Score Distribution

Percentile by Number Answered

Percent of People with Each Score

Your Score History

You have not taken this quiz